| 000 | 00485nam a2200157 a 4500 | ||
|---|---|---|---|
| 001 | 000024229 | ||
| 005 | 20200930022828.0 | ||
| 008 | 110125s1984 dr 000 0 spa d | ||
| 040 |
_aDO-SdBNP _bspa _cBNPHU |
||
| 082 |
_a374.013 _bI49 |
||
| 245 | 0 | 0 | _aINFOTEP balance de actividades 1984 /. |
| 260 |
_aSanto Domingo : _bINFOTEC, _c1984. _fImpresión El Heraldo _bil., map., retrs. |
||
| 300 | _a78 cm. | ||
| 650 | 4 |
_aEducación técnologica _zRepública Dominicana _949758 |
|
| 049 | _aBNPD | ||
| 999 |
_c23723 _d23723 |
||